羽田空港との定期便のある都市 - Statistics

General Stats
  • This quiz has been taken 57 times
  • The average score is 79 of 102
Answer Stats
地域 都市名 % Correct
日本 札幌(新千歳)
100%
大阪(伊丹)
100%
大阪(関西)
100%
福岡
100%
鹿児島
100%
台北(松山)
100%
稚内
97%
釧路
97%
秋田
97%
神戸
97%
岡山
97%
徳島
97%
高知
97%
宮崎
97%
那覇
97%
函館
95%
青森
95%
名古屋(中部)
95%
広島
95%
松山
95%
長崎
95%
熊本
95%
石垣
95%
旭川
92%
山形
92%
鳥取
92%
高松
92%
佐賀
92%
大分
92%
北京(首都)
92%
北京(大興)
92%
ロンドン(ヒースロー)
92%
パリ(CDG)
92%
帯広
89%
富山
89%
東アジア ソウル(仁川)
89%
シンガポール
89%
女満別
87%
小松
87%
出雲
87%
奄美
87%
ローマ
87%
ニューヨーク(JFK)
87%
三沢
84%
北九州
84%
上海(浦東)
84%
上海(虹橋)
84%
バンコク(スワンナプーム)
84%
クアラルンプール
84%
南アジア デリー
84%
シドニー
84%
米子
82%
宮古
82%
香港
82%
ハノイ
82%
ホーチミン
82%
西アジア ドバイ
82%
中標津
79%
ロサンゼルス
79%
南紀白浜
76%
ソウル(金浦)
76%
台北(桃園)
74%
シアトル
74%
庄内
71%
能登
71%
ジャカルタ
71%
紋別
68%
山口宇部
68%
ヨーロッパ イスタンブール
68%
ヘルシンキ
68%
ワシントン
68%
シカゴ
68%
大館能代
66%
岩国
66%
石見
66%
東南アジア マニラ
66%
ミラノ
66%
サンフランシスコ
66%
オセアニア ホノルル
66%
フランクフルト
63%
北米 トロント
63%
ストックホルム
61%
ミュンヘン
61%
大連
58%
ドーハ
58%
天津
55%
広州
55%
バンクーバー
55%
ヒューストン
55%
八丈島
53%
青島
53%
ウィーン
53%
ダラス・フォートワース
50%
グアム
50%
久米島
47%
コペンハーゲン
47%
デトロイト
45%
下地島
42%
アトランタ
39%
深圳
37%
ニューアーク
32%
ミネアポリス
24%
No matching quizzes found
Score Distribution
Percent of People with Each Score
Percentile by Number Answered
Your Score History
You have not taken this quiz